000 02546 a2200481 4500
003 Nust
005 20221024120247.0
010 _a 2009932901
020 _a3642040691 (pbk.)
020 _a9783642040696 (pbk.)
035 _a(OCoLC)ocn436029067
040 _cNust
082 0 4 _a006.3,HUA
245 1 0 _aEmerging intelligent computing technology and applications :
_b5th International Conference on Intelligent Computing, ICIC 2009, Ulsan, South Korea, September 16-19, 2009 : proceedings /
_cDe-Shuang Huang ... [et al.] (eds.).
246 3 0 _aICIC 2009
260 _aBerlin ;
_aNew York :
_bSpringer,
_cc2009.
300 _axxiii, 1134 p. :
_bill. ;
_c24 cm.
490 1 _aLecture notes in computer science,
_x0302-9743 ;
_v5754
490 1 _aLNCS sublibrary. SL 1, Theoretical computer science and general issues
505 _aSupervised And Semi Supervised Learning (Page-1), Machine Learning Theory And Methods (Page-8), Biological And Quantum Computing (Page-18), Intelligent Computing In Bioinformatics (Page-28), Computational Genomics And Proteomics (Page-130), Intelligent Computing In Signal Processing (Page-158), Intelligent Computing In Pattern Recognition (Page-228), Intelligent Computing In Communication And Computer Networks (Page-413), Intelligent Computing In Robotics (Page-464), Intelligent Computing In Computer Vision (Page-526), Intelligent Sensor Networks (Page-686), Intelligent Control And Automation (Page-745), Intelligent Data Fusion And Security (Page-880).
650 0 _aAnwendung.
_92043
650 0 _aBioinformatics
_913954
650 0 _aBioinformatik
_zUlsan <2009>
_9101201
650 0 _aBioinformatik.
_9101202
650 0 _aCognitive neuroscience
_928653
650 0 _aComputational biology
_9957
650 0 _aComputational intelligence
650 0 _aComputational intelligence
_xIndustrial applications
_981775
650 0 _aKčµ®stliche Intelligenz
_xAnwendung
_zUlsan <2009>
_9101203
650 0 _aKčµ®stliche Intelligenz.
_9101204
650 0 _aLernendes System
_xAnwendung
_zUlsan <2009>
_9101205
650 0 _aLernendes System.
_9101206
650 0 _aSoft Computing
_xAnwendung
_zUlsan <2009>
_9101207
650 0 _aSoft Computing.
_981822
650 0 _aWissenstechnik
_xAnwendung
_zUlsan <2009>
_9101208
650 0 _aWissenstechnik.
_9101209
655 7 _aKongress.
_981663
655 7 _aUlsan (2009)
_9101210
700 1 _aHuang, De-Shuang.
_9101211
830 0 _aLecture notes in computer science ;
_926093
830 0 _aLNCS sublibrary.
_9101212
942 _2ddc
_cBK
_k006.3,HUA
999 _c194768
_d194768